000 00319nam a2200145 a 4500
005 20260702181356.0
020 _a9789631456789
100 1 _aKos, Karoly
245 1 0 _aVarju-nemzetség
260 _aCluj-Napoca
_bErdelyi Szepmiives Ceh
_c2016
300 _a196 p.
041 0 _ahun
650 0 _aRoman maghiar
942 _cBK
999 _c31
_d31